000 00404nam a2200181Ia 4500
005 20250423095914.0
008 250422s9999 xx 000 0 und d
020 _a1576751902
050 _aHD 58 .8 .M348/
100 _aMcLagan, Pat
245 0 _aJonathan Davis
260 _aNew Delhi
260 _bTata McGraw-Hill
260 _c2002
300 _a137 p
650 _apsychology
942 _cBK
999 _c31687
_d31687